000 00805nam a2200229 a 4500
001 000043256
005 20201002040750.0
008 140303s2013 dr ac 000 0 spa d
040 _aDO-SdBNP
_bspa
_cBNPHU
082 _a624.1821
_bD542e
100 1 _aDíaz, Arístides
_970861
245 1 0 _aEscultura de conexiones :
_bguía estudiantil /
_cArístides Díaz, Miguel Robles.
260 _aSantiago, de los Caballero, República Dominicana :
_bBúho,
_c2013.
300 _a28 p. :
_bil. retrs. ;
_c29 cm.
590 _aInventariado,2018/DG
650 4 _aTeoría de las estructuras
_927628
650 4 _aIngeniería de estructuras
_96896
650 4 _aDiseño de estructuras
_927629
650 4 _aIngeniería civil
_970862
700 1 _aRobles, Miguel
_970863
910 _aValidado. Control de calidad EMS
999 _c42745
_d42745